00528cam a2200145u 4500082001200000100004400012245005200056260005100108300004600159650002600205650004100231942000700272999001500279952008800294 a540 PRE1 aPrescott, Frederick. [from old catalog]10aIntermediate chemistry, inorganic and physical, aLondon,bUniversity tutorial press ld.c[1939] aviii, 828 p.billus., fold. tab., diagrs. 0aChemistry, Inorganic. 0aChemistry, Physical and theoretical. cBK c1174d1174 0010708NFICaICbICcGENd2015-06-16l0o540 PREp003782r2022-11-17 00:00:00yBK